Statistics for Countries Closest to Vatican City

Click here to take the quiz!

General Stats

  • This quiz has been taken 30 times
  • The average score is 17 of 20

Answer Stats

HintAnswer% Correct
0 kmItaly
100%
520 kmAustria
92%
398 kmBosnia and Herzegovina
92%
294 kmCroatia
92%
220 kmSan Marino
92%
405 kmSlovenia
92%
240 kmFrance
88%
615 kmLiechtenstein
88%
514 kmSwitzerland
88%
579 kmSerbia
85%
569 kmAlbania
81%
617 kmGermany
81%
623 kmGreece
77%
627 kmKosovo
77%
456 kmMonaco
77%
496 kmMontenegro
77%
664 kmNorth Macedonia
77%
595 kmHungary
69%
547 kmTunisia
65%
640 kmAlgeria
62%

Score Distribution

Percentile by Number Answered

Percent of People with Each Score

Your Score History

You have not taken this quiz